NCAA Division I FBS Football Teams by School Color - Statistics

General Stats
  • This quiz has been taken 217 times
    156 since last reset
  • The average score is 63 of 136
Answer Stats
Primary Color Secondary Color Answer % Correct
Army
78%
Alabama
77%
Auburn
74%
LSU
73%
Texas
73%
Georgia
70%
Notre Dame
70%
Arkansas
68%
Tennessee
68%
Vanderbilt
68%
Florida
67%
Iowa
67%
Illinois
66%
Kentucky
66%
Michigan State
66%
Clemson
64%
Indiana
64%
Michigan
64%
Mississippi State
64%
Ohio State
64%
Oregon
64%
Oregon State
64%
UCLA
64%
Washington State
64%
Boston College
63%
Northwestern
63%
Ole Miss
63%
Washington
63%
Florida State
62%
Missouri
62%
Maryland
60%
North Carolina
60%
Penn State
60%
Purdue
60%
Rutgers
60%
USC
60%
Boise State
59%
Minnesota
59%
Oklahoma
59%
Arizona State
58%
Georgia Tech
58%
TCU
58%
Texas A&M
58%
Wisconsin
58%
Arizona
55%
Baylor
55%
Duke
55%
Pittsburgh
55%
South Carolina
55%
Syracuse
55%
Wake Forest
55%
Miami (FL)
53%
Nebraska
53%
Virginia
53%
Virginia Tech
53%
NC State
52%
East Carolina
51%
Oklahoma State
51%
West Virginia
51%
California
49%
Kansas State
49%
Louisville
49%
Stanford
49%
Wyoming
49%
BYU
48%
Colorado
48%
Iowa State
48%
Kansas
48%
UNLV
48%
Air Force
47%
Cincinnati
47%
Colorado State
47%
Texas Tech
47%
Charlotte
45%
Connecticut
45%
Tulane
45%
Bowling Green
44%
Coastal Carolina
44%
North Texas
44%
SMU
44%
Akron
42%
Navy
42%
Utah
42%
Ball State
41%
Houston
41%
James Madison
41%
Nevada
41%
Buffalo
40%
San Diego State
40%
San Jose State
40%
Central Michigan
38%
Eastern Michigan
38%
Fresno State
38%
Hawaii
38%
Toledo
38%
Utah State
38%
Marshall
37%
Western Michigan
37%
Appalachian State
36%
Memphis
36%
Kent State
34%
New Mexico
34%
Ohio
34%
South Florida
34%
UCF
34%
UTSA
34%
Florida Atlantic
33%
Liberty
33%
Temple
32%
Tulsa
32%
Miami (OH)
30%
Northern Illinois
30%
Old Dominion
30%
Rice
29%
UTEP
29%
Delaware
27%
Sam Houston
27%
Middle Tennessee
26%
Kennesaw State
25%
Southern Miss
25%
FIU
23%
Georgia Southern
23%
Georgia State
23%
Troy
23%
1 1 UAB
23%
Arkansas State
22%
Louisiana Tech
22%
Missouri State
22%
New Mexico State
22%
Massachusetts
21%
Texas State
21%
Western Kentucky
19%
Jacksonville State
18%
South Alabama
18%
Louisiana
16%
ULM
16%
No matching quizzes found
Score Distribution
Percent of People with Each Score
Percentile by Number Answered
Your Score History
You have not taken this quiz since the last reset